عرض عادي عرض مارك
  • Electronic data processing personnel

مدخل مصطلح موضوعي

عدد التسجيلات المستخدمة في: 2

001 - رقم الضبط

  • حقل الضبط: 4806

003 - معرف رقم الضبط

  • حقل الضبط: OSt

005 - تاريخ ووقت أخر عملية

  • حقل الضبط: 20110921222214.0

008 - عناصر بيانات ثابتة الطول

  • حقل تحكم ثابت الطول: 110921|||a|||||| | ||| d

040 ## - مصدر الفهرسة

  • هيئة الفهرسة الأصلية: OSt
  • وكالة الكتابة: OSt

150 ## - مدخل-- مصطلح تاريخي

  • عنصر مدخل المصطلح الموضوعي او الاسم الجغرافي: Electronic data processing personnel
  • تفريع عام: Certification.

670 ## - بيانات المصدر موجوده

  • الاستشهاد بالمصدر: Work cat.: (OSt)696: Meyers, Michael, 1961- 4777, Network+ certification exam guide /, c2002.